| 000 | 01587nam0a22003731 4500 | ||
|---|---|---|---|
| 001 | RU\INFOCOMM_322\NLR\5000176361 | ||
| 005 | 20250613110600.0 | ||
| 035 | _a(NLR Aleph) 009567615 | ||
| 090 |
_a9108921 _c9108921 |
||
| 100 | _a20130214d1986 |||y0rusy50 ca | ||
| 101 | 1 |
_afre _crus |
|
| 102 | _aRU | ||
| 105 | _ay z ||||| | ||
| 200 | 1 |
_aRousseau, Mirabeau, Robespierre, trois figures de la Révolution _fAlbert Manfred _g[Trad. du russe par Geneviève Dupond] |
|
| 210 |
_aM. _cProgrès _d1986 |
||
| 215 |
_a483 с. _d20 см |
||
| 225 | 1 | _aDes siècles et des hommes | |
| 300 | _aВ вып. дан.: Три портрета эпохи Великой французской революции / А. Манфред | ||
| 320 | _aБиблиогр. в примеч.: с. 451-463 | ||
| 600 | 1 |
_aРуссо _bЖ. Ж. _f1712-1778 _gЖан-Жак _2nlr_sh1 |
|
| 606 | 0 |
_aФранцузская буржуазная революция _z1789-1794 _xБиографии _2nlr_sh1 |
|
| 620 | _aМосква | ||
| 686 |
_aТ3(4Фр)511-8 _2rubbk |
||
| 686 |
_aЮ3(4Фр)5-535.15 _2rubbk |
||
| 700 | 1 |
_aManfred _bA. Z. _f1906-1976 _gAlʹbert Zaharovič |
|
| 702 | 1 |
_aRousseau _bJ. J. _f1712-1778 _gJean-Jacques _4570 |
|
| 702 | 1 |
_4570 _7ba _8rus _aMirabeau _bH. -G. R. de _f1749-1791 _gHonoré-Gabriel Riquetti de _9264517 _3RU\NLR\AUTH\770264573 |
|
| 702 | 1 |
_4570 _7ba _8fre _aRobespierre _bM. de _f1758-1794 _gMaximilien de _9252927 _3RU\NLR\AUTH\770252983 |
|
| 801 | 1 |
_aRU _bInfocomm _c20130214 |
|
| 801 | 0 |
_aRU _bINFOCOMM _gPSBO |
|
| 852 |
_aNLR _jИ81 Д-3/114 |
||
| 942 | _cBOOK | ||
| 980 | _aNB | ||